Opere. (Record n. 346)

Dettagli MARC
000 -LEADER
fixed length control field 00645nam a2200229Ia 4500
003 - CONTROL NUMBER IDENTIFIER
control field IT-RoPAU
008 - FIXED-LENGTH DATA ELEMENTS--GENERAL INFORMATION
fixed length control field 120407s9999 xx 000 0 und d
040 ## - CATALOGING SOURCE
Original cataloging agency IT-RoPAU
040 ## - CATALOGING SOURCE
Transcribing agency IT-RoPAU
041 ## - LANGUAGE CODE
Language code of text/sound track or separate title ita
100 ## - MAIN ENTRY--PERSONAL NAME
Personal name Aristotele
245 ## - TITLE STATEMENT
Title Opere.
250 ## - EDITION STATEMENT
Edition statement Roma - Bari
260 ## - PUBLICATION, DISTRIBUTION, ETC. (IMPRINT)
Place of publication, distribution, etc. Laterza
260 ## - PUBLICATION, DISTRIBUTION, ETC. (IMPRINT)
Date of publication, distribution, etc. 1988
300 ## - PHYSICAL DESCRIPTION
Dimensions 20.4 cm
490 ## - SERIES STATEMENT
Series statement Biblioteca Universale Laterza.
490 ## - SERIES STATEMENT
Volume/sequential designation 3
600 ## - SUBJECT ADDED ENTRY--PERSONAL NAME
Personal name "Vol. 7: Etica Nicomachea. p. 275 Vol. 8: Grande etica, Etica Eudemia. p.192 Vol. 9: Politica. Trattato sull’economia. p. 324"
942 ## - ADDED ENTRY ELEMENTS (KOHA)
Koha item type LIBRO
Dati di copia
Withdrawn status Lost status Source of classification or shelving scheme Damaged status Not for loan Home library Current library Date acquired Total Checkouts Full call number Date last seen Price effective from Koha item type Public note
    Dewey Decimal Classification Buone Condizioni Not For Loan PAULUS-BIBLIOTECA PAULUS-BIBLIOTECA 11/04/2012   040.1253 11/04/2012 11/04/2012 LIBRO Inserito da: Anna In data: n.d. fondo: Via A.Severo 56 Progr:27901
CREDITS: SOCIETA' SAN PAOLO Via A.Severo, 58 - ROMA (RM) & PERIODICI SAN PAOLO SRL Via Giotto, 36 MILANO & CISF Via Giotto, 36 MILANO & EDIZIONI SAN PAOLO SRL,  Piazza Soncino, 5 CINISELLO BALSAMO (MI) -- ITALY